00987 a2200193 45000010006000000050017000060080041000230030015000640400040000790800130001192450034002492640029002833000019003125050373003311000022007047000022007267000024007487000021007723564420260407155636.0260407a1969 arg spa dAR-UNSa-BCEJYS aAR-UNSa-BCEJYSbspacAR-UNSa-BCEJYS a658.01xMetodología. Teoría y práctica de la organización( teoria de la organización, análisis organizacional...)10aTeoría de la organización 1aBarcelona :bArielc1969 a285 p.c23 cm. a1. Comportamiento en la organización - 2. Teoría clásica de la organización - 3. Restricciones de motivación, decisiones internas de la organización - 4. Restricciones de motivación, la decisión de participar - 5. El conflicto en las organizaciones - 6. Límites cognitivos sobre racionalidad - 7. Planificación e innovación en las organizaciones.1 aSimon, Herbert A.1 aMarch, James Gary1 aMaluquer Wahl, Juan1 aGuetzkow, Harold